000 00818nab a2200253 u 4500
001 20246
003 HDC
007 cr bn ---aaaaa
008 210304c20110217xx dr|noo 0 a eng d
040 _aHDC
245 0 _aTremendous response from Singapore for MIHAS 2011
260 _a[No place] :
_b[publisher not identified],
_c2011
300 _a1 online resource
336 _atext
_2rdacontent
337 _acomputer
_2rdamedia
338 _aonline resource
_2rdacarrier
650 _aglobal Halal market
_92232
650 _aMIHAS 2011
_916588
710 _aHalal Focus
856 _zRequest full-text at [email protected]
942 _2lcc
942 _cNEWS
942 _kNWSO 006360
999 _c17562
_d17562